000 00758nam a2200241 i 4500
001 129873
003 ES-MaACL
005 20251108164914.0
007 t|
008 070710s1931 fr ||||1| fre d
080 _a929 Ibsen, Henrik
100 1 _aZucker, A. E.
_9118422
245 1 3 _aLa vie d'Ibsen le constructeur /
_cpar A. E. Zucker ; traduit de l'anglais par Louise Servicen.
250 _a2e éd.
260 _aParis :
_bGallimard,
_c1931 (
_fF. Pailland)
300 _a247 p. ;
_c19 cm.
490 1 _aVies des Hommes Illustres ;
_v71
600 1 4 _aIbsen, Henrik,
_d1828-1906
_965031
700 1 _aServicen, Louise.
_9105867
830 0 _aVies des Hommes Illustres ;
_v71
_9182839
852 _aES-MaACL
_jA-2112
999 _c129873
_d129873